Fyziológia rastlín

Bibliographic Details
Main Authors: Masarovičová, Elena, 1948- (Author), Repčák, Miroslav, 1947- (Author), Erdelský, Karol, 1932- (Author), Gašparíková, Otília, 1939-2021 (Author), Ješko, Timotej, 1937- (Author), Mistrík, Igor, 1949- (Author)
Format: Book
Language:Slovak
PhysicalDescription:307 s. ilustr., sch., tab. 24 cm
Published: Bratislava Univerzita Komenského 2008
ISBN:9788022324700
Edition:2. dopl. vyd.
Subjects:

MARC

LEADER 00000nam a2200000 a 4500
001 vtls009466465
003 SK-MaSNL
005 20260302080426.0
008 240315s2008 xo al d p 000 0 slo
015 |a SNBA2009/02-00632 
020 |a 9788022324700  |q (brož.) 
035 |a 3D07F0C1-E734-4E74-83F9-1801398C9FA2 
035 |a urn:nbn:sk:snk-amlbir 
035 |a urn:nbn:sk:snk-am00921m 
040 |a SNK  |b slo  |c SNK  |e AACR2 
041 0 |a slo 
044 |a xo  |c SK 
072 7 |a 581  |x Všeobecná botanika  |2 konspekt 
080 |a 581.1  |2 2001 
080 |a (07)  |2 2001 
100 1 |a Masarovičová, Elena,  |d 1948-  |4 aut  |9 119457 
245 1 0 |a Fyziológia rastlín  |c Elena Masarovičová, Miroslav Repčák a kolektív 
250 |a 2. dopl. vyd. 
260 |a Bratislava  |b Univerzita Komenského  |c 2008 
300 |a 307 s.  |b ilustr., sch., tab.  |c 24 cm 
504 |a Bibliogr. s. 301-303. Zoz. najdôležitejších skrat. a symbolov 
650 0 7 |a fyziológia rastlín  |2 SNKPH  |9 1100 
650 0 7 |a Plant physiology  |2 SNKPHeng  |9 268544 
655 7 |a učebné texty  |2 SNKPH  |9 70568 
655 7 |a Educational texts  |2 SNKPHeng  |9 277375 
700 1 |a Repčák, Miroslav,  |d 1947-  |4 aut  |9 119458 
700 1 |a Pastýrik, Ľudovít,  |d 1911-2007  |4 hnr  |9 220072 
700 1 |a Erdelský, Karol,  |d 1932-  |4 aut  |9 114708 
700 1 |a Gašparíková, Otília,  |d 1939-2021  |4 aut  |9 38014 
700 1 |a Ješko, Timotej,  |d 1937-  |4 aut  |9 133553 
700 1 |a Mistrík, Igor,  |d 1949-  |4 aut  |9 239185 
919 |a 978-80-223-2470-0 
958 |a NB 
958 |a OND 
968 |d 56/59 
999 |c 1173021  |d 1174951 
952 |a SNK  |b SNK  |y PREZ  |7 0  |p 17A0607629  |o snkSC 134249  |i snk2009/1173  |8 0  |0 0  |1 0  |4 0  |d 2009-01-28  |f 1  |l 0  |r 2025-06-30 00:00:00  |w 2026-02-24 
952 |a SNK  |b SNKPULT  |y VYP  |7 0  |p 17A0607894  |o snkSC 134249 D1  |i snk2009/1174  |8 0  |0 0  |1 0  |4 0  |d 2009-01-28  |l 1  |q 2026-05-20  |r 2026-04-20 12:05:40  |s 2026-04-20  |w 2026-02-24